Crater lake : the story of its origin /

Bibliographic Details
Main Author: Williams, Howel, 1898-1980
Format: Book
Language:English
Published: Berkeley : University of California press, [1941]
Subjects:

MARC

Tag First Indicator Second Indicator Subfields
LEADER 00000cam a2200000 4500
001 in00000052603
005 20151007072144.0
008 721031s1941 cauabf b 00010 eng u
010 |a  41017210  
035 |a (OCoLC)00480424 
035 |9 AAE7336AM 
040 |c WSU  |d TXA  |d UtOrBLW 
049 |a TXAM  |c [117506] 
050 0 |a F882.C8  |b W5 
092 |a 551.21  |b W723c 
100 1 |a Williams, Howel,  |d 1898-1980. 
245 1 0 |a Crater lake :  |b the story of its origin /  |c by Howel Williams. 
264 1 |a Berkeley :  |b University of California press,  |c [1941] 
264 4 |c ©1941 
300 |a xii, 97 pages :  |b illustrations, maps ;  |c 20 cm. 
336 |a text  |b txt  |2 rdacontent 
337 |a unmediated  |b n  |2 rdamedia 
338 |a volume  |b nc  |2 rdacarrier 
651 0 |a Crater Lake. 
651 0 |a Mazama, Mount. 
651 0 |a Crater Lake National Park. 
999 |a MARS 
999 f f |s cf59db63-0040-3816-83ae-31416ea5c980  |i c7bc28f9-0cb0-3454-a2a7-966f650fb60e  |t 0 
952 f f |p noncirc  |a Texas A&M University  |b College Station  |c Cushing Memorial Library & Archives  |d Cushing: Stonestreet (Does not check out)  |t 0  |e F882.C8 W5  |h Library of Congress classification  |i unmediated -- volume  |m A14821590334 
952 f f |p ric  |a Texas A&M University  |b Rellis Campus  |c Joint Library Facility  |d Remote Storage  |t 0  |e F882.C8 W5  |h Library of Congress classification  |i unmediated -- volume  |m A14800950854 
952 f f |p noncirc  |a Texas A&M University  |b College Station  |c Cushing Memorial Library & Archives  |d Cushing: Stonestreet (Does not check out)  |t 0  |e F882.C8 W5  |h Library of Congress classification  |i unmediated -- volume  |m A14821588824 
998 f f |a F882.C8 W5  |t 0  |l Remote Storage 
998 f f |a F882.C8 W5  |t 0  |l Cushing: Stonestreet (Does not check out) 
998 f f |a F882.C8 W5  |t 0  |l Cushing: Stonestreet (Does not check out)